Dream SMP Quiz - Statistics

General Stats
  • This quiz has been taken 242 times
  • The average score is 7 of 9
Answer Stats
Question Answer % Correct
Who is the "blood god" Technoblade
100%
Who is the "kind demon" BadBoyHalo
93%
What is the most important thing to Tommy Discs
93%
Who is Dreams bestfriend (SapNap isn't there) George
93%
Who blew up L'manberg Wilbur
80%
Who is Quackity and Karls fiance SapNap
67%
Who does SapNap live with Dream
60%
What is Skeppy's sisters name (unofficially) Skeppina
60%
Last Question, What age is George 24
20%
No matching quizzes found
Score Distribution
Percent of People with Each Score
Percentile by Number Answered
Your Score History
You have not taken this quiz